000 00715nam a2200229Ia 4500
003 OSt
005 20220926001154.0
006 a|||||r|||| 00| 0
007 ta
008 220923b |||||||| |||| 00| 0 eng d
037 _cGeneral Book
040 _aRTL
_cRTL
_beng
041 _2eng
_aeng
082 _aX71:8F.2.N72 - N71r, L2/GD
110 _aLok Sabha Secretariat, India
_9298594
245 0 _aPublic Accounts Committee 1971-72
_b Forty secand report.
260 _a New Delhi
_bLok sabha secretariat
_c1972
300 _av; 40p.
_ccm.
700 _aLok Sabha Secretariat, India
_9298595
942 _hX71:8F.2.N72 - N71r, L2/GD
_cGB
_2CC
999 _c600776
_d600776